| 000 | 00486nam a2200169Ia 4500 | ||
|---|---|---|---|
| 999 |
_c16372 _d16372 |
||
| 003 | OSt | ||
| 005 | 20200606115913.0 | ||
| 008 | 190216s9999||||xx |||||||||||||| ||und|| | ||
| 040 | _cMESKC library | ||
| 082 |
_a891.431 _bJAI/S |
||
| 100 |
_aJain, Narendra _9420 |
||
| 245 | 0 |
_aSaray mein Kuchh Din / _cNarendra Jain |
|
| 260 |
_bPrakashan Samsthan, _aNew Delhi: _c2003. |
||
| 300 | _a127p | ||
| 650 | _aHindi | ||
| 942 |
_cBK _2ddc _h891.431 _iJAI/S _k891.431 _mJAI/S |
||